| 000 | 00817nam a2200241Ia 4500 | ||
|---|---|---|---|
| 001 | 9465 | ||
| 003 | GE_BSU | ||
| 008 | 181216s||||||||xx |||||||||||||| ||und|| | ||
| 040 | _cGE_BSU | ||
| 080 | _a624.014 | ||
| 100 | _aБеленя,Е.И. Геиев,А.Н. Балдин,В.А. и др. | ||
| 245 | _aМеталлические конструкции. | ||
| 245 | _bУчебн. | ||
| 245 | _cПод общ. ред. Е.И.Беленя. Научн. ред. С.А.Ильясевич, Т.Н.Морочевская. | ||
| 250 | _aИзд.4-е, перепаб. | ||
| 260 | _aМ. | ||
| 260 | _bСтройиздат. | ||
| 260 | _c1973. | ||
| 300 | _a688 стр. с илл. 27 см. | ||
| 300 | _eПриложения: стр.649-680. | ||
| 653 | _aМеталлические конструкции. | ||
| 942 | _cBK | ||
| 999 |
_c42759 _d42759 |
||